Online
Catalog

La guerra, mi hijo y yo / (Record no. 55792)

MARC details
000 -CABECERA
campo de control de longitud fija 00814nam a2200253 i 4500
003 - IDENTIFICADOR DEL NÚMERO DE CONTROL
campo de control DO-SdBNP
005 - FECHA Y HORA DE LA ÚLTIMA TRANSACCIÓN
campo de control 20250704090746.0
007 - CAMPO FIJO DE DESCRIPCIÓN FÍSICA--INFORMACIÓN GENERAL
campo de control de longitud fija ta
008 - DATOS DE LONGITUD FIJA--INFORMACIÓN GENERAL
campo de control de longitud fija 240205b1990 dr ||||| |||| 00| 0 spa d
040 ## - FUENTE DE LA CATALOGACIÓN
Centro catalogador/agencia de origen DO-SdBNP
Lengua de catalogación spa
Centro/agencia transcriptor BNPHU
Normas de descripción rda
082 #4 - NÚMERO DE LA CLASIFICACIÓN DECIMAL DEWEY
Número de clasificación xxx
Número de documento/Ítem xxx
Número de edición 22
100 ## - ENTRADA PRINCIPAL--NOMBRE DE PERSONA
Nombre de persona Puente Julia, Rosario,
Término indicativo de función/relación autor
9 (RLIN) 84850
Código de función/relación autt.
245 13 - MENCIÓN DE TÍTULO
Título La guerra, mi hijo y yo /
Mención de responsabilidad, etc. Rosario Puente y Julia ; prólogo, Ofelia Rodríguez Acosta
250 ## - MENCIÓN DE EDICIÓN
Mención de edición Segunda edición
264 #1 - PRODUCCIÓN, PUBLICACIÓN, DISTRIBUCIÓN, FABRICACIÓN Y COPYRIGHT
Producción, publicación, distribución, fabricación y copyright Santo Domingo :
Nombre del de productor, editor, distribuidor, fabricante Intergrafic,
Fecha de producción, publicación, distribución, fabricación o copyright 1990.
300 ## - DESCRIPCIÓN FÍSICA
Extensión 408 páginas ;
Dimensiones 19 cm.
336 ## - TIPO DE CONTENIDO
Término de tipo de contenido texto
Código de tipo de contenido txt
Fuente rdacontent
337 ## - TIPO DE MEDIO
Nombre/término del tipo de medio sin mediación
Código del tipo de medio n
Fuente rdamedia
338 ## - TIPO DE SOPORTE
Nombre/término del tipo de soporte volumen
Código del tipo de soporte nc
Fuente rdacarrier
590 ## - NOTA LOCAL (RLIN)
Nota local Inventariado, 2024/BT
700 1# - PUNTO DE ACCESO ADICIONAL--NOMBRE DE PERSONA
Nombre de persona Rodríguez Acosta, Ofelia,
Término indicativo de función/relación prologuista
9 (RLIN) 84851
Código de función/relación pr.
910 ## - DATOS DE OPCIÓN DEL USUARIO (OCLC)
Datos de opción del usuario Btavárez
942 ## - ELEMENTOS DE PUNTO DE ACCESO ADICIONAL (KOHA)
Fuente del sistema de clasificación o colocación Dewey Decimal Classification
Tipo de ítem Koha Libro
Holdings
Estado de retiro Estado de pérdida Fuente del sistema de clasificación o colocación Restricciones de uso No para préstamo Código de colección Localización permanente Ubicación/localización actual Ubicación en estantería Fecha de adquisición Fuente de adquisición Total de préstamos Signatura topográfica completa Código de barras Fecha visto por última vez Precio válido a partir de Tipo de ítem Koha
    Dewey Decimal Classification Excluido de préstamo   Patrimonio Dominicano Biblioteca Nacional Pedro Henríquez Ureña Biblioteca Nacional Pedro Henríquez Ureña En catalogación 05.02.2024 Donada por Johanna Wisi   BNPHU PD 2024-0663 05.02.2024 05.02.2024 Libro

Powered by Koha